| 000 | 00663nam a22001937a 4500 | ||
|---|---|---|---|
| 005 | 20230413113112.0 | ||
| 008 | 140120b xxu||||| |||| 00| 0 eng d | ||
| 020 |
_a9788125043201 _c545.00 |
||
| 040 | _aLoreto College | ||
| 082 |
_a338.9 _bSTI |
||
| 100 | _aStiglitz, Joseph E. | ||
| 245 |
_aGlobal crisis: The way forward _bThe Stiglitz Commission Report _cJoseph E.Stiglitz & Members of a UN Commission of Financial Experts;with a foreword by Miguel d'Escoto Brockmann |
||
| 260 |
_aHyderabad _bOrient Blackswan _c2011 |
||
| 300 |
_axxxii,204p. _b22cm |
||
| 650 | _aEconomic crisis-World-2008 | ||
| 650 | _aEconomic reform | ||
| 850 | _aLCLIB | ||
| 942 | _cBK | ||
| 999 |
_c39045 _d89524 |
||